The Oxford book of English mystical verse / (Record no. 18042)
[ view plain ]
| 000 -LEADER | |
|---|---|
| fixed length control field | 00948cam a22002891 4500 |
| 001 - CONTROL NUMBER | |
| control field | 18042 |
| 003 - CONTROL NUMBER IDENTIFIER | |
| rucl marc code | BD-RjUL |
| 005 - DATE AND TIME OF LATEST TRANSACTION | |
| control field | 20211209000229.0 |
| 008 - FIXED-LENGTH DATA ELEMENTS--GENERAL INFORMATION | |
| fixed length control field | 140219r19491917enk 001 0 eng |
| 035 ## - SYSTEM CONTROL NUMBER | |
| System control number | (BD-RjUL)18100 |
| System control number | (OCoLC)359558 |
| 040 ## - CATALOGING SOURCE | |
| Original cataloging agency | DLC |
| Transcribing agency | ODaWU |
| Modifying agency | OCoLC |
| -- | DLC |
| -- | BD-RjUL |
| Language of cataloging | eng |
| 041 ## - LANGUAGE CODE | |
| Language code of text/sound track or separate title | eng |
| 082 04 - DEWEY DECIMAL CLASSIFICATION NUMBER | |
| Classification number | 821.8 |
| Author mark and year | OXF 1949 |
| 245 04 - TITLE STATEMENT | |
| Title | The Oxford book of English mystical verse / |
| Statement of responsibility, etc. | chosen by D.H.S. Nicholson and A.H.E. Lee. |
| 260 ## - PUBLICATION, DISTRIBUTION, ETC. (IMPRINT) | |
| Place of publication, distribution, etc. | Oxford : |
| Name of publisher, distributor, etc. | The Clarendon Press, |
| Date of publication, distribution, etc. | 1917 [Reprinted 1949]. |
| 300 ## - PHYSICAL DESCRIPTION | |
| Pagination | xv, 644 p. |
| Size | 19 cm. |
| 504 ## - BIBLIOGRAPHY, ETC. NOTE | |
| Bibliography, etc | Includes index. |
| 650 #0 - SUBJECT ADDED ENTRY--TOPICAL TERM | |
| Topical term or geographic name as entry element | English poetry. |
| 9 (RLIN) | 55599 |
| Topical term or geographic name as entry element | Mysticism |
| Geographic subdivision | Great Britain. |
| 9 (RLIN) | 55600 |
| Topical term or geographic name as entry element | Mysticism in literature. |
| 9 (RLIN) | 54103 |
| 700 1# - ADDED ENTRY--PERSONAL NAME | |
| Personal name | Nicholson, D. H. S. |
| Fuller form of name | (Daniel Howard Sinclair), |
| Relator term | comp. |
| Personal name | Lee, A. H. E. |
| Fuller form of name | (Arthur Hugh Evelyn), |
| Relator term | joint comp. |
| 942 ## - ADDED ENTRY ELEMENTS (KOHA) | |
| Source of classification or shelving scheme | Dewey Decimal Classification |
| Koha item type | Books |
| Lost status | Source of classification or shelving scheme | Damaged status | Not for loan | Collection code | Permanent Location | Current Location | Shelving location | Date acquired | Source of acquisition | Cost, normal purchase price | Total Checkouts | Full call number | Date last seen | Copy number | Koha item type |
|---|---|---|---|---|---|---|---|---|---|---|---|---|---|---|---|
| Dewey Decimal Classification | Not For Loan | Non-fiction | Central Library, University of Rajshahi | Central Library, University of Rajshahi | Reading Room | 21/02/1955 | O. U. P | 8.70 | 821.8 OXF 1949 | 19/02/2014 | C-1 | Books |